[Event "78. C.to Provinciale VE"]
[Site "Mestre Capablanca ITA"]
[Date "2018.01.28"]
[Round "4.3"]
[White "Ballarin, Gabriele"]
[Black "Cappelletto, Joshuaede"]
[Result "0-1"]
[WhiteElo "1875"]
[BlackElo "1891"]
[Annotator "Gabriele Ballarin"]
[PlyCount "70"]
[EventDate "2018.01.26"]
[EventType "swiss"]
[EventRounds "5"]
[EventCountry "ITA"]

1. e4 c5 2. Nc3 g6 3. f4 Bg7 4. Nf3 Nc6 5. Bb5 e6 6. Bxc6 bxc6 7. O-O Ba6 8. Rf2 d5 9. d3 Ne7 10. Qe1 O-O 11. Bd2 c4 12. d4 c5 13. Be3 cxd4 14. Nxd4 dxe4 15. Nxe4 Bxd4 16. Rd1 Bxe3 17. Rxd8 Bxf2+ 18. Kxf2 Rfxd8 19. Nf6+ Kg7 20. Qc3 Rac8 21. Nh5+ Kh6 22. Qg7+ Kxh5 23. Qxh7+ Kg4 24. Qh6 Rd2+ 25. Kg1 Rd5 26. Kf2 Ng8 27. h3+ Kf5 28. Qg5+ Ke4 29. Qg3 Rd2+ 30. Kg1 Rxc2 31. Qg5 Bb7 32. Qe5+ Kd3 33. Qd6+ Bd5 34. Qd7 Rxg2+ 35. Kf1 Rb8 0-1

[Event "78. C.to Provinciale VE"]
[Site "Mestre Capablanca ITA"]
[Date "2018.01.28"]
[Round "4.4"]
[White "Marcucci, Michele"]
[Black "Toniolo, Samuel"]
[Result "0-1"]
[WhiteElo "1684"]
[BlackElo "1863"]
[Annotator "Gabriele Ballarin"]
[PlyCount "40"]
[EventDate "2018.01.26"]
[EventType "swiss"]
[EventRounds "5"]
[EventCountry "ITA"]

1. d4 Nf6 2. Nf3 d5 3. c4 e6 4. Bg5 Bb4+ 5. Nc3 dxc4 6. e4 c5 7. e5 cxd4 8. exf6 gxf6 9. Bh4 e5 10. Bxc4 Qe7 11. O-O dxc3 12. Nxe5 cxb2 13. Bxf7+ Kf8 14. Qh5 Qxe5 15. Rad1 Nc6 16. Be8 Qxh5 17. Bxh5 Kg7 18. g4 Be6 19. g5 fxg5 20. Bxg5 Bf5 0-1

[Event "78. C.to Provinciale VE"]
[Site "Mestre Capablanca ITA"]
[Date "2018.01.28"]
[Round "4.5"]
[White "Civitareale, Alberto"]
[Black "Marson, Roy"]
[Result "1/2-1/2"]
[WhiteElo "1711"]
[BlackElo "1209"]
[Annotator "Gabriele Ballarin"]
[PlyCount "92"]
[EventDate "2018.01.26"]
[EventType "swiss"]
[EventRounds "5"]
[EventCountry "ITA"]

1. e4 e5 2. Nf3 Nc6 3. Bc4 Bc5 4. c3 Nf6 5. d4 exd4 6. cxd4 Bb4+ 7. Bd2 Bxd2+ 8. Nbxd2 O-O 9. e5 d5 10. exf6 dxc4 11. fxg7 Re8+ 12. Kf1 Nxd4 13. Nxc4 Nxf3 14. Qxf3 Qd4 15. Qb3 Be6 16. Rc1 b5 17. Qxb5 Bxc4+ 18. Qxc4 Qxb2 19. Qc2 Qb5+ 20. Qc4 Qxc4+ 21. Rxc4 Rad8 22. g3 Rd2 23. a4 Ra2 24. Kg2 Ree2 25. Rf1 Rec2 26. Rxc2 Rxc2 27. Rd1 Kxg7 28. Rd7 Rc4 29. h4 Rxa4 30. Rxc7 a5 31. Kf3 Ra1 32. Ke2 a4 33. Rc2 a3 34. Kd2 Kg6 35. Kc3 h5 36. Kb3 Kf5 37. Rc4 f6 38. Rf4+ Kg6 39. Ra4 Rd1 40. Rf4 Ra1 41. Kc2 Kf7 42. f3 Kg6 43. Kb3 Rg1 44. g4 hxg4 45. Rxg4+ Rxg4 46. fxg4 f5 1/2-1/2

[Event "78. C.to Provinciale VE"]
[Site "Mestre Capablanca ITA"]
[Date "2018.01.28"]
[Round "4.6"]
[White "Belloni, Umberto"]
[Black "Corti, Lorenzo"]
[Result "0-1"]
[WhiteElo "1715"]
[BlackElo "1178"]
[Annotator "Gabriele Ballarin"]
[PlyCount "68"]
[EventDate "2018.01.26"]
[EventType "swiss"]
[EventRounds "5"]
[EventCountry "ITA"]

1. d4 Nf6 2. Bg5 g6 3. c3 Bg7 4. Qc1 d6 5. Bh6 O-O 6. Bxg7 Kxg7 7. f3 Nbd7 8. e4 c5 9. dxc5 Nxc5 10. Qe3 Qc7 11. Nd2 b6 12. g4 Bb7 13. h4 d5 14. exd5 Nxd5 15. Qd4+ e5 16. Qc4 Ne3 17. Qe2 Nc2+ 18. Kf2 Nxa1 19. Nc4 Ba6 20. Qxe5+ Qxe5 21. Nxe5 Rfd8 22. Bxa6 Nxa6 23. Ne2 Nc2 24. Rc1 Re8 25. Nxg6 fxg6 26. Rxc2 Nc5 27. Nd4 Nd3+ 28. Kf1 Re1+ 29. Kg2 Nf4+ 30. Kg3 Ne6 31. Nxe6+ Rxe6 32. Kf2 Rd6 33. Ke1 Kf6 34. f4 h6 0-1

[Event "78. C.to Provinciale VE"]
[Site "Mestre Capablanca ITA"]
[Date "2018.01.28"]
[Round "4.7"]
[White "Marson, Eva Jane"]
[Black "Rizzo, Nicodemo"]
[Result "0-1"]
[WhiteElo "1380"]
[BlackElo "1587"]
[Annotator "Gabriele Ballarin"]
[PlyCount "94"]
[EventDate "2018.01.26"]
[EventType "swiss"]
[EventRounds "5"]
[EventCountry "ITA"]

1. e4 d5 2. exd5 Qxd5 3. Nc3 Qa5 4. Bc4 Bf5 5. d4 c6 6. Nf3 Nf6 7. Bf4 e6 8. O-O Be7 9. Bxb8 Rxb8 10. Ne5 O-O 11. Re1 Rbd8 12. Ne2 h6 13. c3 Bd6 14. Nf4 Nd5 15. Nfd3 Bxd3 16. Bxd3 Qc7 17. Qg4 Nf6 18. Qf4 Nd7 19. Re3 Nxe5 20. Qe4 Nxd3 21. Qxd3 Bxh2+ 22. Kh1 Bf4 23. Rf3 Rd5 24. g3 Rh5+ 25. Kg2 Bg5 26. Re1 Bf6 27. Re4 Rd8 28. Rg4 Rg5 29. Rxg5 Bxg5 30. Qe4 Qd6 31. Kh3 Qd5 32. Qxd5 Rxd5 33. Kg4 c5 34. dxc5 Rxc5 35. Rd3 Rd5 36. Rf3 Kf8 37. c4 Rd4+ 38. Kh3 Rxc4 39. a3 Bf6 40. b4 Rc3 41. Rxc3 Bxc3 42. b5 Ke7 43. Kg4 g6 44. f4 f5+ 45. Kf3 Kd6 46. a4 e5 47. fxe5+ Kxe5 0-1

[Event "78. C.to Provinciale VE"]
[Site "Mestre Capablanca ITA"]
[Date "2018.01.28"]
[Round "4.8"]
[White "Cremonese, Giulio"]
[Black "Maxim, Stefan"]
[Result "0-1"]
[WhiteElo "1389"]
[BlackElo "1395"]
[Annotator "Gabriele Ballarin"]
[PlyCount "93"]
[EventDate "2018.01.26"]
[EventType "swiss"]
[EventRounds "5"]
[EventCountry "ITA"]

1. d4 e6 2. e4 d5 3. e5 c5 4. c3 Nc6 5. Nf3 Qb6 6. Qb3 Qxb3 7. axb3 f6 8. Bb5 Bd7 9. O-O fxe5 10. Bxc6 Bxc6 11. Nxe5 Bd6 12. Nxc6 bxc6 13. dxc5 Bxc5 14. Re1 Ke7 15. b4 Bb6 16. Bg5+ Nf6 17. Nd2 h6 18. Bh4 g5 19. Bg3 Raf8 20. Nf3 g4 21. Ne5 Ke8 22. Ng6 Kd7 23. Nxf8+ Rxf8 24. Rad1 Ne4 25. Rxe4 Ke7 26. Rxg4 Rf5 27. Rf4 Rg5 28. Bh4 Kd6 29. Bxg5 hxg5 30. Rg4 Bd8 31. Ra1 Bb6 32. Rxg5 c5 33. bxc5+ Kxc5 34. Re5 Kc4 35. Rxe6 Kb3 36. Re2 Kc4 37. h4 Kd3 38. Rae1 d4 39. h5 dxc3 40. bxc3 Kxc3 41. h6 Bd4 42. h7 a5 43. Rc1+ Kd3 44. Rd1+ Kxe2 45. Rxd4 Ke1 46. h8=Q a4 47. Qe5# 0-1

[Event "78. C.to Provinciale VE"]
[Site "Mestre Capablanca ITA"]
[Date "2018.01.28"]
[Round "5.1"]
[White "Cappelletto, Joshuaede"]
[Black "Litrico, Paolo"]
[Result "0-1"]
[WhiteElo "1891"]
[BlackElo "1897"]
[Annotator "Gabriele Ballarin"]
[PlyCount "52"]
[EventDate "2018.01.26"]
[EventType "swiss"]
[EventRounds "5"]
[EventCountry "ITA"]

1. e4 e5 2. Nf3 Nc6 3. d4 exd4 4. Bc4 Nf6 5. O-O Nxe4 6. Re1 d5 7. Bxd5 Qxd5 8. Nc3 Qh5 9. Nxe4 Be6 10. Bg5 h6 11. Bf6 Be7 12. Bxg7 Rg8 13. Ng3 Qg6 14. Bxd4 O-O-O 15. c3 h5 16. Qb1 f5 17. h4 Bd7 18. Be3 Qg4 19. Nh2 Qxh4 20. Nxf5 Qf6 21. Nxe7+ Nxe7 22. Qh7 Bh3 23. Bd4 Rxg2+ 24. Kh1 Qf4 25. Be5 Rxh2+ 26. Kg1 Qxf2# 0-1

[Event "78. C.to Provinciale VE"]
[Site "Mestre Capablanca ITA"]
[Date "2018.01.28"]
[Round "5.2"]
[White "Toniolo, Samuel"]
[Black "Gallo, Enrico"]
[Result "1/2-1/2"]
[WhiteElo "1863"]
[BlackElo "2100"]
[Annotator "Gabriele Ballarin"]
[PlyCount "106"]
[EventDate "2018.01.26"]
[EventType "swiss"]
[EventRounds "5"]
[EventCountry "ITA"]

1. e4 e6 2. d4 d5 3. Nc3 Bb4 4. e5 c5 5. a3 Bxc3+ 6. bxc3 Qc7 7. Nf3 Ne7 8. Bd3 Nbc6 9. O-O c4 10. Be2 O-O 11. a4 f6 12. exf6 gxf6 13. Bh6 Rf7 14. Qd2 Nf5 15. Bf4 Qe7 16. Rfe1 Bd7 17. Bf1 Kh8 18. g3 Rg8 19. Bh3 Nd6 20. Bxd6 Qxd6 21. Qe2 Qf8 22. Qe3 Re7 23. Qf4 e5 24. Qh4 e4 25. Nd2 Bxh3 26. Qxh3 f5 27. Kh1 Re6 28. Nf1 Rh6 29. Qg2 f4 30. Nd2 f3 31. Qg1 Rg5 32. Nf1 Qf7 33. Ne3 Ne7 34. g4 Rh3 35. Qf1 Rh4 36. Qg1 Qf4 37. Qg3 Qxg3 38. fxg3 Rh6 39. Reb1 Rb6 40. a5 Rxb1+ 41. Rxb1 b6 42. axb6 axb6 43. Rxb6 Rg8 44. Rd6 Ra8 45. Kg1 Kg8 46. Kf2 Ra5 47. h4 Kf7 48. Rh6 Kg7 49. Rd6 Kf7 50. g5 Ra3 51. Nd1 Ra1 52. Ne3 Ra3 53. Nd1 Ra1 1/2-1/2

[Event "78. C.to Provinciale VE"]
[Site "Mestre Capablanca ITA"]
[Date "2018.01.28"]
[Round "5.3"]
[White "Rizzo, Nicodemo"]
[Black "Stefan, Marco"]
[Result "0-1"]
[WhiteElo "1587"]
[BlackElo "1841"]
[Annotator "Gabriele Ballarin"]
[PlyCount "56"]
[EventDate "2018.01.26"]
[EventType "swiss"]
[EventRounds "5"]
[EventCountry "ITA"]

1. d4 c5 2. Nf3 e6 3. c4 d5 4. e3 Nf6 5. Nc3 Nc6 6. cxd5 exd5 7. Bb5 a6 8. Bxc6+ bxc6 9. Ne5 Qc7 10. Qa4 Bb7 11. O-O Bd6 12. f4 O-O 13. Ne2 cxd4 14. Nxd4 Bxe5 15. fxe5 Qxe5 16. Nf3 Qe8 17. Qb3 Qd7 18. Bd2 Ne4 19. Rad1 Rfe8 20. Bc1 c5 21. Nd2 Qb5 22. Qxb5 axb5 23. Nxe4 Rxe4 24. a3 Rd8 25. Rd3 b4 26. Rb3 Ba6 27. Rf4 Rc4 28. Rf1 Rc2 0-1

[Event "78. C.to Provinciale VE"]
[Site "Mestre Capablanca ITA"]
[Date "2018.01.28"]
[Round "5.4"]
[White "Marson, Luca"]
[Black "Ballarin, Gabriele"]
[Result "0-1"]
[WhiteElo "1897"]
[BlackElo "1875"]
[Annotator "Gabriele Ballarin"]
[PlyCount "148"]
[EventDate "2018.01.26"]
[EventType "swiss"]
[EventRounds "5"]
[EventCountry "ITA"]

1. e4 d6 2. d4 Nf6 3. Nc3 Nbd7 4. Nf3 e5 5. Bc4 Be7 6. Bxf7+ Kxf7 7. Ng5+ Kg8 8. Ne6 Qe8 9. Nxc7 Qg6 10. O-O Rb8 11. N7d5 Nxd5 12. Nxd5 Bf8 $146 (12... Bd8) 13. f4 b6 14. f5 Qe8 15. f6 Nxf6 16. Rxf6 Be7 17. Rf1 h6 18. Nxe7+ Qxe7 19. Qh5 Bd7 20. d5 Be8 21. Qf5 Bd7 22. Qg6 Rf8 23. Rxf8+ Qxf8 24. Be3 Qf6 25. Qh5 Bb5 26. b3 Kh7 27. c4 Be8 28. Qg4 Rf8 29. Qe2 Bg6 30. h3 Qh4 31. Bf2 Qxe4 32. Qxe4 Bxe4 33. Re1 Bf5 34. b4 Re8 35. c5 bxc5 36. bxc5 dxc5 37. Bxc5 a6 38. Kf2 Bd3 39. a4 Kg6 40. Rc1 Rd8 41. d6 Kf6 42. Ke3 Bg6 43. Rc3 Ke6 44. Bb4 Be8 45. a5 Rb8 46. Bc5 Rb2 47. g4 Rh2 48. Kd3 Rxh3+ 49. Kc2 Rh2+ 50. Kb3 Rg2 51. Bb6 Kxd6 52. Bc7+ Kd5 53. Bxe5 Rxg4 54. Bc7 h5 55. Re3 Re4 56. Rg3 g6 57. Rg5+ Ke6 58. Bb6 Re5 59. Rg1 g5 60. Kc3 g4 61. Kd4 Bc6 62. Bc7 Rb5 63. Re1+ Kf5 64. Rf1+ Bf3 65. Rf2 h4 66. Kc4 Rb1 67. Kc5 Rb3 68. Kc4 Re3 69. Kd4 Re7 70. Bd6 Rd7 71. Kc5 Ke4 72. Bb8 g3 73. Rf1 Rd1 74. Rxd1 Bxd1 0-1

[Event "78. C.to Provinciale VE"]
[Site "Mestre Capablanca ITA"]
[Date "2018.01.28"]
[Round "5.5"]
[White "Corti, Lorenzo"]
[Black "Civitareale, Alberto"]
[Result "1/2-1/2"]
[WhiteElo "1178"]
[BlackElo "1711"]
[Annotator "Gabriele Ballarin"]
[PlyCount "94"]
[EventDate "2018.01.26"]
[EventType "swiss"]
[EventRounds "5"]
[EventCountry "ITA"]

1. e4 e5 2. Nf3 d6 3. Bc4 Nf6 4. Ng5 d5 5. exd5 Nxd5 6. Nxf7 Kxf7 7. Qf3+ Ke8 8. Bxd5 Qf6 9. Bxb7 Bxb7 10. Qxb7 Qc6 11. Qxc6+ Nxc6 12. Nc3 Nd4 13. O-O Nxc2 14. Rb1 c6 15. b3 Rd8 16. Rb2 Nb4 17. a3 Nd3 18. Rc2 Nxc1 19. Rcxc1 Rxd2 20. Ne4 Re2 21. Rfe1 Rxe1+ 22. Rxe1 Bxa3 23. Ra1 Be7 24. Rxa7 Kf7 25. Rc7 Rb8 26. Rxc6 Rxb3 27. g3 Rd3 28. Rc7 h6 29. Kf1 Rd5 30. Ke2 Ke6 31. Rc6+ Kf5 32. f3 Bf6 33. Ke3 Ra5 34. Nxf6 gxf6 35. g4+ Kg6 36. h4 Ra3+ 37. Kf2 Ra2+ 38. Kg3 Ra5 39. Rc7 h5 40. Rc4 Ra1 41. Kh2 Ra2+ 42. Kg3 Ra1 43. Rc2 Rg1+ 44. Rg2 Rxg2+ 45. Kxg2 hxg4 46. fxg4 f5 47. Kf3 fxg4+ 1/2-1/2

[Event "78. C.to Provinciale VE"]
[Site "Mestre Capablanca ITA"]
[Date "2018.01.28"]
[Round "5.6"]
[White "Marson, Roy"]
[Black "Cremonese, Giulio"]
[Result "1-0"]
[WhiteElo "1209"]
[BlackElo "1389"]
[Annotator "Gabriele Ballarin"]
[PlyCount "85"]
[EventDate "2018.01.26"]
[EventType "swiss"]
[EventRounds "5"]
[EventCountry "ITA"]

1. e4 d5 2. exd5 Qxd5 3. Nc3 Qa5 4. Nf3 Nf6 5. Bc4 Bg4 6. O-O Nc6 7. d3 O-O-O 8. Bxf7 Ne5 9. Bb3 Nxf3+ 10. gxf3 Bh5 11. Be6+ Kb8 12. Bg4 Nxg4 13. fxg4 Bg6 14. Bd2 h5 15. Ne4 Qe5 16. Bc3 Qf4 17. Ng3 hxg4 18. f3 Qe3+ 19. Rf2 Rxh2 20. Qe2 Qxe2 21. Nxe2 Rxf2 22. Kxf2 gxf3 23. Kxf3 Bh5+ 24. Kf2 g5 25. Rh1 Bxe2 26. Kxe2 e6 27. Bf6 Re8 28. Rh8 Kc8 29. Bg7 Kd7 30. Rxf8 Rxf8 31. Bxf8 Ke8 32. Bc5 b6 33. Be3 g4 34. Bf4 c6 35. Bb8 a6 36. Kf2 Kf7 37. Kg3 Kf6 38. Kxg4 e5 39. Kf3 Kf5 40. Ke3 b5 41. a3 c5 42. b3 a5 43. Bd6 1-0

[Event "78. C.to Provinciale VE"]
[Site "Mestre Capablanca ITA"]
[Date "2018.01.28"]
[Round "5.7"]
[White "Marcucci, Michele"]
[Black "Filippi, Giulio"]
[Result "1/2-1/2"]
[WhiteElo "1684"]
[BlackElo "1598"]
[Annotator "Gabriele Ballarin"]
[PlyCount "98"]
[EventDate "2018.01.26"]
[EventType "swiss"]
[EventRounds "5"]
[EventCountry "ITA"]

1. d4 c6 2. c4 d5 3. Nc3 dxc4 4. a4 Bf5 5. e4 Bg6 6. Bxc4 e6 7. Nf3 h6 8. O-O Nf6 9. Bd3 Be7 10. e5 Bxd3 11. Qxd3 Nd5 12. Nxd5 Qxd5 13. Be3 O-O 14. Rac1 Nd7 15. b3 Rfd8 16. Qc3 a5 17. Rc2 Bb4 18. Qc4 Nb6 19. Qxd5 Nxd5 20. Bd2 Rac8 21. Rfc1 Bxd2 22. Rxd2 Nb4 23. Kf1 b5 24. Rc5 bxa4 25. Rxa5 axb3 26. Ra3 Nd5 27. Rxb3 Rb8 28. Rdb2 Rxb3 29. Rxb3 Ra8 30. g3 f6 31. Ke2 Ra2+ 32. Nd2 fxe5 33. dxe5 c5 34. Rb8+ Kf7 35. Rc8 Rc2 36. Kd1 Nb4 37. Ne4 c4 38. Nd6+ Kg6 39. Rxc4 Rxc4 40. Nxc4 Kf5 41. Ke2 Nc6 42. f4 g5 43. Ne3+ Ke4 44. Ng2 gxf4 45. gxf4 Nd4+ 46. Kf2 h5 47. h3 Nf5 48. Ke2 Nd4+ 49. Kf2 Nf5 1/2-1/2

[Event "78. C.to Provinciale VE"]
[Site "Mestre Capablanca ITA"]
[Date "2018.01.28"]
[Round "5.8"]
[White "Maxim, Stefan"]
[Black "Belloni, Umberto"]
[Result "0-1"]
[WhiteElo "1395"]
[BlackElo "1715"]
[Annotator "Gabriele Ballarin"]
[PlyCount "76"]
[EventDate "2018.01.26"]
[EventType "swiss"]
[EventRounds "5"]
[EventCountry "ITA"]

1. e4 e6 2. d4 d5 3. exd5 exd5 4. Nf3 Bd6 5. Bd3 Bg4 6. O-O h6 7. Re1+ Kf8 8. Nc3 c6 9. Be3 Qf6 10. Qe2 Nd7 11. Rad1 Bxf3 12. Qxf3 Qxf3 13. gxf3 g5 14. Bf5 Ngf6 15. Kg2 Re8 16. Bxd7 Nxd7 17. Re2 Kg7 18. a3 f5 19. b4 b5 20. Rde1 Kf7 21. a4 Bxb4 22. axb5 Bxc3 23. bxc6 Nb6 24. Rd2 Bxd2 25. Bxd2 Rxe1 26. Bxe1 Rc8 27. c7 Rxc7 28. c3 Nc4 29. Kf1 Re7 30. h3 a5 31. h4 a4 32. h5 a3 33. f4 Rxe1+ 34. Kxe1 gxf4 35. f3 a2 36. Kf2 a1=Q 37. Ke2 Ne3 38. c4 Qd1+ 0-1

[Event "79.Prov.ITA Ottavi VE"]
[Site "Mestre Capablanca ITA"]
[Date "2019.01.25"]
[Round "1.1"]
[White "Abisso, Filippo"]
[Black "Grandesso, Emanuele"]
[Result "1/2-1/2"]
[WhiteElo "1440"]
[BlackElo "2074"]
[Annotator "Gabriele Ballarin"]
[PlyCount "139"]
[EventDate "2019.01.25"]
[EventType "swiss"]
[EventRounds "5"]
[EventCountry "ITA"]

1. e4 d5 2. exd5 Qxd5 3. Nc3 Qd8 4. d4 Nf6 5. Bc4 e6 6. Bg5 Be7 7. Nf3 b6 8. Qe2 O-O 9. O-O-O Bb7 10. Rhe1 Nd5 11. Bxe7 Nxc3 12. Bxd8 Nxe2+ 13. Bxe2 Rxd8 14. g3 Nc6 15. c3 Ne7 16. Ne5 a5 17. a4 Rac8 18. f4 Ng6 19. Bh5 Nxe5 20. Rxe5 g6 21. Bg4 Bd5 22. Kc2 Kg7 23. b3 c5 24. Kb2 cxd4 25. Rxd4 h5 26. Bh3 Bf3 27. Rb5 Rxd4 28. cxd4 Rc6 29. Bf1 Kf6 30. Bc4 Rd6 31. Kc3 Ke7 32. Kd3 Kd8 33. Ke3 Bg2 34. Kf2 Bh1 35. Ke3 Kc7 36. Re5 Rd8 37. Kd3 Kd6 38. Rb5 Rb8 39. Re5 h4 40. gxh4 Rh8 41. h5 gxh5 42. f5 Rh6 43. fxe6 fxe6 44. Rb5 Kc6 45. Re5 Bd5 46. Bxd5+ exd5 47. h3 h4 48. Rg5 Rf6 49. Ke3 Rf1 50. Rg4 Rb1 51. Rxh4 Rxb3+ 52. Kf4 Rb4 53. Ke5 Rxa4 54. Rh6+ Kb5 55. Kxd5 Ra1 56. Rh8 a4 57. h4 a3 58. h5 Kb4 59. h6 Rh1 60. h7 a2 61. Ra8 Kb3 62. Kc6 Rxh7 63. Kxb6 Kb2 64. d5 Rh3 65. Rxa2+ Kxa2 66. d6 Rb3+ 67. Kc7 Rc3+ 68. Kb7 Kb3 69. d7 Rd3 70. Kc7 1/2-1/2

[Event "79.Prov.ITA Ottavi VE"]
[Site "Mestre Capablanca ITA"]
[Date "2019.01.25"]
[Round "1.2"]
[White "Toniolo, Samuel"]
[Black "Vianello, Viviana Sofia"]
[Result "1-0"]
[WhiteElo "1912"]
[BlackElo "1391"]
[Annotator "Gabriele Ballarin"]
[PlyCount "51"]
[EventDate "2019.01.25"]
[EventType "swiss"]
[EventRounds "5"]
[EventCountry "ITA"]

1. e4 c5 2. Nf3 d6 3. d4 cxd4 4. Qxd4 Nc6 5. Bb5 Bd7 6. Bxc6 Bxc6 7. Nc3 Nf6 8. Bg5 e6 9. O-O-O Be7 10. e5 Nd5 11. Bxe7 Qxe7 12. exd6 Qf6 13. Ne4 Qxd4 14. Nxd4 Rd8 15. Nxc6 bxc6 16. c4 Nb6 17. b3 O-O 18. h4 Nd7 19. h5 f5 20. Ng5 Rf6 21. f4 h6 22. Nf3 c5 23. Rhe1 Re8 24. Ne5 Nxe5 25. Rxe5 Rd8 26. Rxc5 1-0

[Event "79.Prov.ITA Ottavi VE"]
[Site "Mestre Capablanca ITA"]
[Date "2019.01.25"]
[Round "1.3"]
[White "Pomponio, Stefano"]
[Black "Ballarin, Gabriele"]
[Result "0-1"]
[WhiteElo "1357"]
[BlackElo "1870"]
[Annotator "Gabriele Ballarin"]
[PlyCount "46"]
[EventDate "2019.01.25"]
[EventType "swiss"]
[EventRounds "5"]
[EventCountry "ITA"]

{[%evp 11,46,35,39,24,30,0,0,-19,-4,-57,-52,-70,-70,-78,-78,-93,-93,-114,-59,-136,-136,-136,-136,-174,-167,-180,-101,-101,-101,-101,-102,-116,-116,-131,-131,-825,-825]} 1. e4 c5 2. Nc3 e6 3. Nf3 Nc6 4. d4 cxd4 5. Nxd4 a6 6. Nxc6 bxc6 7. Be3 d5 8. exd5 cxd5 9. a3 {La posizione è in parità.} Nf6 10. f3 {[%eval -57,20]} (10. Be2 $11 {[%eval -4,18]}) 10... Rb8 11. Rb1 Qc7 12. Qd3 Bd6 13. g3 O-O 14. Bg2 Nd7 {[%eval -59,17]} (14... e5 $17 {[%eval -114,16] Ed ora ...d4 dovrebbe vincere.} 15. Nxd5 Nxd5 16. Qxd5 Bxa3 $1 {[%mdl 512]}) 15. O-O {[%eval -136,18] [#]} (15. f4 $1 $15 {[%eval -59,17]}) 15... Ne5 $1 $17 {[%cal Re5d3]} 16. Qe2 Nc4 17. Bc1 {[#]} Nxa3 $1 {[%mdl 512]} 18. Ra1 {[#]} (18. bxa3 Qxc3) 18... Nxc2 {[%eval -101,15]} (18... Rxb2 $1 $19 {[%eval -180,15][%mdl 512]} 19. Bxb2 Qb6+ 20. Kh1 Qxb2) 19. Qxc2 d4 20. Bd2 Bb7 21. Qd3 dxc3 22. Bxc3 Rfd8 {Sperando ...Ac5+.} 23. Qd4 $2 {[%eval -825,15][%mdl 8192]} (23. Qe2 $17 {[%eval -131,18]}) 23... Bc5 {Precisione: Bianco = 16%, Nero = 67%.} 0-1

[Event "79.Prov.ITA Ottavi VE"]
[Site "Mestre Capablanca ITA"]
[Date "2019.01.25"]
[Round "1.4"]
[White "Bozzao, Francesco"]
[Black "Marson, Roy"]
[Result "1-0"]
[WhiteElo "1847"]
[BlackElo "1325"]
[Annotator "Gabriele Ballarin"]
[PlyCount "77"]
[EventDate "2019.01.25"]
[EventType "swiss"]
[EventRounds "5"]
[EventCountry "ITA"]

1. e4 e5 2. Nf3 Nc6 3. Bb5 d6 4. O-O Nf6 5. Re1 Be7 6. c3 a6 7. Ba4 b5 8. Bb3 O-O 9. d4 Na5 10. Bc2 exd4 11. cxd4 Bg4 12. h3 Bh5 13. a4 c5 14. Qd3 c4 15. Qe3 b4 16. Bd2 Qb6 17. d5 Qxe3 18. Rxe3 Bxf3 19. Bxb4 Rab8 20. Bxa5 Rxb2 21. Na3 Bh5 22. Bc3 Rb7 23. Nxc4 Rc8 24. Na5 Rbc7 25. Nc6 Ne8 26. f4 h6 27. Rb1 Bf6 28. Rb6 Bxc3 29. Rxc3 Kf8 30. e5 f6 31. Bf5 Ra8 32. g4 Bf7 33. e6 Bg8 34. Bg6 Rac8 35. Re3 Bxe6 36. Rxe6 a5 37. Ra6 Rxc6 38. Rxc6 Rxc6 39. Rxe8# 1-0

[Event "79.Prov.ITA Ottavi VE"]
[Site "Mestre Capablanca ITA"]
[Date "2019.01.25"]
[Round "1.5"]
[White "Moretto, Gian Franco"]
[Black "Marson, Luca"]
[Result "0-1"]
[WhiteElo "1309"]
[BlackElo "1833"]
[Annotator "Gabriele Ballarin"]
[PlyCount "32"]
[EventDate "2019.01.25"]
[EventType "swiss"]
[EventRounds "5"]
[EventCountry "ITA"]

1. e4 c5 2. Nf3 d6 3. d4 cxd4 4. Nxd4 Nf6 5. Nc3 g6 6. Be3 Bg7 7. Be2 O-O 8. Qd2 Nc6 9. Nxc6 bxc6 10. Bh6 Rb8 11. Bxg7 Kxg7 12. Na4 Kg8 13. Bd3 Qc7 14. h3 d5 15. exd5 cxd5 16. b3 Qe5+ 0-1

[Event "79.Prov.ITA Ottavi VE"]
[Site "Mestre Capablanca ITA"]
[Date "2019.01.25"]
[Round "1.6"]
[White "Buranelli, Matteo"]
[Black "Corti, Lorenzo"]
[Result "1-0"]
[WhiteElo "1746"]
[BlackElo "1250"]
[Annotator "Gabriele Ballarin"]
[PlyCount "47"]
[EventDate "2019.01.25"]
[EventType "swiss"]
[EventRounds "5"]
[EventCountry "ITA"]

1. e4 c5 2. Nf3 g6 3. d4 cxd4 4. Nxd4 Nf6 5. Nc3 Nc6 6. Be2 Bg7 7. O-O O-O 8. Be3 a6 9. f4 Qb6 10. e5 Ne8 11. Nd5 Qxb2 12. Nxc6 bxc6 13. Nxe7+ Kh8 14. Nxc8 Rxc8 15. Qxd7 Nc7 16. Qxc6 Ne6 17. Qxa6 Rxc2 18. Bf3 Nd4 19. Be4 Re2 20. Rae1 Rxe1 21. Rxe1 Qc3 22. Bf2 Qd2 23. Qd3 Qxf4 24. Bg3 1-0

[Event "79.Prov.ITA Ottavi VE"]
[Site "Mestre Capablanca ITA"]
[Date "2019.01.25"]
[Round "1.7"]
[White "Conte, Edoardo"]
[Black "Belloni, Umberto"]
[Result "0-1"]
[WhiteElo "1247"]
[BlackElo "1674"]
[Annotator "Gabriele Ballarin"]
[PlyCount "96"]
[EventDate "2019.01.25"]
[EventType "swiss"]
[EventRounds "5"]
[EventCountry "ITA"]

1. e4 e6 2. d4 d5 3. e5 c5 4. c3 Nc6 5. Nf3 Bd7 6. Be3 c4 7. Be2 Nge7 8. Qc2 Nf5 9. O-O Be7 10. Nbd2 b5 11. b4 a5 12. a3 h6 13. Rfe1 O-O 14. Nf1 Ra7 15. Bf4 Qb6 16. Qb2 Rfa8 17. Rab1 axb4 18. axb4 Ra2 19. Qc1 Qd8 20. Rb2 R2a3 21. Ng3 Nxg3 22. Bxg3 Bg5 23. Nxg5 Qxg5 24. Qxg5 hxg5 25. Rc1 Ne7 26. Kf1 Nf5 27. Bf3 f6 28. Ke2 Nxg3+ 29. hxg3 Kf7 30. Ke3 Ke7 31. Be2 Rh8 32. Rcc2 Rha8 33. Kf3 Be8 34. Ke3 Ra1 35. Bf3 Bg6 36. Re2 Bd3 37. Red2 R8a3 38. Rd1 Rxd1 39. Bxd1 Rxc3 40. Kd2 Ra3 41. Kc1 Ra1+ 42. Kd2 fxe5 43. Ke1 exd4 44. f3 e5 45. g4 e4 46. fxe4 dxe4 47. Rf2 e3 48. Rf3 Bc2 0-1

[Event "79.Prov.ITA Ottavi VE"]
[Site "Mestre Capablanca ITA"]
[Date "2019.01.25"]
[Round "1.8"]
[White "Sgaravato, Sandro"]
[Black "Marson, Eva Jane"]
[Result "0-1"]
[WhiteElo "1480"]
[BlackElo "1166"]
[Annotator "Gabriele Ballarin"]
[PlyCount "102"]
[EventDate "2019.01.25"]
[EventType "swiss"]
[EventRounds "5"]
[EventCountry "ITA"]

1. d4 d5 2. c4 e6 3. Nc3 Nf6 4. Bg5 Be7 5. Nf3 Nc6 6. e3 O-O 7. a3 Bd7 8. Be2 Ne4 9. Bxe7 Qxe7 10. Nxe4 dxe4 11. Nd2 Rad8 12. Nxe4 e5 13. d5 Nb8 14. Qb3 b6 15. Rd1 Bf5 16. Ng3 Bg6 17. O-O c6 18. f4 exf4 19. exf4 cxd5 20. cxd5 Nd7 21. f5 Nc5 22. Qf3 h5 23. b4 Bh7 24. Nxh5 Ne4 25. Qg4 g6 26. Bf3 Nf6 27. Nxf6+ Qxf6 28. Be4 Qg7 29. f6 Qh6 30. Qf3 Qg5 31. Qd3 Qe5 32. Qd4 Qxd4+ 33. Rxd4 Rd6 34. h4 Rfd8 35. g4 g5 36. Bxh7+ Kxh7 37. Rf5 gxh4 38. g5 Kg6 39. Re5 h3 40. Kh2 Rh8 41. Rc4 Rd7 42. Re7 Rxd5 43. Rxa7 Rd2+ 44. Kg3 h2 45. Rc1 h1=Q 46. Rxh1 Rxh1 47. a4 Kxg5 48. a5 Rd3+ 49. Kg2 Rc1 50. Kf2 bxa5 51. Rxa5+ Kxf6 0-1

[Event "79.Prov.ITA Ottavi VE"]
[Site "Mestre Capablanca ITA"]
[Date "2019.01.26"]
[Round "2.1"]
[White "Marson, Luca"]
[Black "Toniolo, Samuel"]
[Result "0-1"]
[WhiteElo "1833"]
[BlackElo "1912"]
[Annotator "Gabriele Ballarin"]
[PlyCount "82"]
[EventDate "2019.01.25"]
[EventType "swiss"]
[EventRounds "5"]
[EventCountry "ITA"]

1. e4 c5 2. c3 Nf6 3. e5 Nd5 4. d4 cxd4 5. Nf3 e6 6. Bc4 Nb6 7. Bb3 d6 8. cxd4 Nc6 9. O-O Be7 10. Nc3 O-O 11. Bf4 d5 12. Bc2 Nd7 13. Rc1 f6 14. Bg3 f5 15. h3 Nb6 16. Bb3 Bd7 17. Re1 Be8 18. Nb5 Bh5 19. Qd3 a6 20. Nd6 Qd7 21. Bf4 Bxf3 22. gxf3 g5 23. Bh2 Bxd6 24. exd6 f4 25. a3 Qxd6 26. Bc2 Rf7 27. Kh1 Kh8 28. Rg1 Rg8 29. h4 h6 30. hxg5 hxg5 31. Bb1 Qf8 32. Rg4 Qh6 33. Kg2 Kg7 34. b4 Rh8 35. Rh1 Kf8 36. b5 axb5 37. Qxb5 Nc4 38. Qc5+ Kg8 39. Bd3 Nd8 40. Be2 Rfh7 41. Qd6 Qxh2+ 0-1